Emission vehicle routing problem with time windows and vehicle classes

Uložené v:
Podrobná bibliografia
Hlavný autor: Brezina, Ivan, 1963-
Ďalší autori: Sedláková, Gabriela
Médium: Kapitola
Jazyk:English
Tagy: Pridať tag
Žiadne tagy, Buďte prvý, kto otaguje tento záznam!

MARC

LEADER 00000naa$a2200000$$$4500
001 0237434
005 20240502073832.5
041 0 |a eng 
044 |a SK 
245 1 0 |a Emission vehicle routing problem with time windows and vehicle classes  |c Ivan Brezina, Gabriela Sedláková 
500 |a Abstrakt 
100 1 |a Brezina, Ivan, 1963- 
700 1 |a Sedláková, Gabriela